| 000 | 00000nam 2200000za 4500 |
| 001 | 9.839841 |
| 003 | CaOODSP |
| 005 | 20221107151711 |
| 007 | cr ||||||||||| |
| 008 | 170718s2017 quc ob f000 0 fre d |
| 040 | |aCaOODSP|bfre |
| 043 | |an-cn--- |
| 086 | 1 |aP29-043-123-2017F-PDF |
| 245 | 00|aBombes aérosol et cartouches à gaz pour le transport de marchandises dangereuses |h[ressource électronique]. |
| 260 | |aGatineau : |bOffice des normes générales du Canada : |bConseil canadien des normes, |c2017. |
| 300 | |aii, 16 p. |
| 490 | 1 |aNorme nationale du Canada ; |vno 43.123-2017 |
| 500 | |a« Mars 2017. » |
| 500 | |a« Expérience et excellence » -- Couv. |
| 500 | |aRemplace CGSB-43.123-2010. |
| 500 | |aPubl. aussi en anglais sous le titre : Aerosol containers and gas cartridges for transport of dangerous goods. |
| 504 | |aComprend des réf. bibliogr. |
| 520 | |a« La présente norme définit les exigences relatives à la conception, à la fabrication, aux essais et à l’inspection de contenants non rechargeables ayant une capacité d’au plus 1 L, de même qu’à leur sélection et à leur utilisation pour la manutention, la demande de transport et le transport d’aérosols UN1950 et de cartouches à gaz UN2037 au Canada. » -- Objet. |
| 692 | 07|2gccst|aEmballage |
| 692 | 07|2gccst|aTransport des matières dangereuses |
| 692 | 07|2gccst|aNorme |
| 710 | 2 |aConseil canadien des normes. |
| 710 | 2 |aOffice des normes générales du Canada. |
| 775 | 08|tAerosol containers and gas cartridges for transport of dangerous goods |w(CaOODSP)9.839839 |
| 794 | |tBombes aérosol et cartouches à gaz pour le transport de marchandises dangereuses.|b2022|w(CaOODSP)9.909871 |
| 830 | #0|aNorme nationale du Canada ;|vno 43.123-2017.|w(CaOODSP)9.504227 |
| 856 | 40|qPDF|s616 Ko|uhttps://publications.gc.ca/collections/collection_2017/ongc-cgsb/P29-043-123-2017-fra.pdf |
| 986 | |aICS 55.020, 55.130 |